[Event "2nd China Binhai Open 2020"]
[Site "Tianjin"]
[Date "2020.01.18"]
[Round "9.1"]
[White "Batchuluun, Tsegmed"]
[Black "Sethuraman, S.P."]
[Result "1/2-1/2"]
[WhiteElo "2530"]
[BlackElo "2638"]
[Annotator "TA"]
[PlyCount "86"]
[EventDate "2020.01.13"]
[EventType "swiss"]
[EventCountry "CHN"]
[SourceTitle "playchess.com"]
[Source "ChessBase"]
[SourceQuality "1"]

{[%evp 14,86,45,33,45,49,52,39,46,52,57,43,52,14,13,7,7,7,5,6,6,-54,-57,-47,-52,-45,-54,-80,-80,-79,-82,-79,-84,-84,-76,-98,-94,-96,-92,-93,-72,-104,-104,-102,-72,-103,-85,-86,-63,-63,-63,-63,-63,-63,-63,-63,-63,-63,-63,-63,-57,-57,-27,-27,-27,-27,-27,-27,0,0,0,0,0,0,0]} 1. d4 Nf6 2. c4 e6 3. Nf3 d5 4. g3 dxc4 5. Bg2 a6 6. O-O Nc6 7. e3 Rb8 8. Nfd2 e5 {E04: Open Catalan: 5 Nf3} 9. Bxc6+ bxc6 10. dxe5 Ng4 {White is slightly better.} 11. Nxc4 Be6 {[#] And now ...Qxd1 would win.} 12. Nbd2 (12. Qe2 h5 13. Rd1 Qc8 14. Qf3 Rb6 15. Nxb6 cxb6 16. h4 Nxe5 {½-½ (41) Grischuk,A (2759)-Ding,L (2811) Khanty-Mansiysk 2019}) 12... Bb4 13. Qe2 {[#]} Bxd2 $146 ({Predecessor:} 13... h5 14. h3 Bxd2 15. Bxd2 h4 16. hxg4 hxg3 {0-1 (45) Muzychuk,M (2491)-Kosteniuk,A (2510) Warsaw 2013}) 14. Bxd2 {Threatens to win with Bc3.} h5 $1 $36 {[%cal Rh5h4][%mdl 2048] Black is pushing.} 15. f3 h4 {[#] White must now prevent ...hxg3.} 16. fxg4 hxg3 {Strongly threatening ...Bd5.} 17. hxg3 (17. b3 $11 Rxh2 18. Qf3 {[%mdl 64] Double Attack} Rxd2 19. Nxd2 Qxd2 20. Qxg3) 17... Qd5 $15 18. e4 Qxc4 19. Qxc4 Bxc4 20. Rfb1 Bd3 21. Rd1 Bxe4 22. Bc3 Bf3 23. Rf1 Bxg4 24. Rf4 Be6 25. Rh4 Rxh4 26. gxh4 $17 {[%mdl 4096] Endgame KRB-KRB} Rd8 27. a3 Rd3 28. Re1 Bd5 29. Rf1 c5 30. Rf4 Kd7 31. h5 Be6 32. Rh4 Kc6 33. h6 gxh6 34. Rxh6 Rd8 35. Kf2 Kb5 36. Rh4 c4 37. Ke2 c5 38. Rh2 Ka4 39. Ke1 Kb3 40. Rd2 Rh8 41. Rd6 {The position is equal.} Rh1+ 42. Kd2 Rh2+ 43. Ke3 Rh3+ {Accuracy: White = 75%, Black = 58%.} 1/2-1/2

[Event "2nd China Binhai Open 2020"]
[Site "Tianjin"]
[Date "2020.01.18"]
[Round "9.2"]
[White "Dai, Changren"]
[Black "Zhou, Jianchao"]
[Result "0-1"]
[WhiteElo "2506"]
[BlackElo "2623"]
[Annotator "TA"]
[PlyCount "106"]
[EventDate "2020.01.13"]
[EventType "swiss"]
[EventCountry "CHN"]
[SourceTitle "playchess.com"]
[Source "ChessBase"]
[SourceQuality "1"]

{[%evp 16,106,4,15,7,0,11,7,56,-6,21,15,35,-24,-26,-18,-35,-37,3,-136,-132,-139,-137,-146,-147,-137,-144,-142,-133,-148,-76,-67,-60,-105,-94,-74,-38,-53,-8,-47,-39,-106,-118,-119,-117,-163,-173,-175,-159,-162,-150,-212,-187,-203,-215,-205,-196,-177,-100,-102,-118,-87,-87,-208,-172,-379,-359,-330,-305,-664,-664,-664,-664,-662,-662,-662,-651,-657,-657,-657,-657,-657,-602,-895,-880,-822,-689,-869,-731,-1002,-809,-808,-767]} 1. e4 c5 2. Nf3 d6 3. d4 cxd4 4. Nxd4 Nf6 5. Nc3 a6 6. Bg5 e6 7. f4 h6 8. Bh4 Qb6 9. a3 Be7 {B96: Sicilian Najdorf: 6 Bg5 e6 7 f4, lines other than 7...Qb6 and 7...Be7} 10. Bf2 Qc7 11. Qf3 b5 {The position is equal.} (11... Nbd7 12. O-O-O b5 13. g4 Bb7 14. h4 Nc5 15. Bd3 d5 16. e5 Nfe4 17. Be1 {1-0 (45) Wei,Y (2737)-Lu,S (2619) Changsha 2019}) 12. O-O-O (12. g4 $14) 12... Bb7 13. g4 d5 14. e5 (14. exd5 $1 $14 Nxd5 15. Bg2 Nxc3 16. Qxb7 Qxb7 17. Bxb7 Nxd1 18. Rxd1) 14... Ne4 $11 15. Nxe4 dxe4 16. Qe3 Nd7 $146 {[%cal Bb8d7,Bd7e5,Be5g4,Bg4f6][%mdl 32] White must now prevent ...Nxe5!} ({Predecessor:} 16... Nc6 17. Nxc6 Qxc6 {1-0 (60) Lomasov,S (2395)-Rous,D (2232) Pardubice 2016}) 17. Bg2 {[#]} (17. h4 $11 {keeps the balance.}) 17... Nxe5 $1 $17 {[%mdl 512]} 18. Bxe4 ({Avoid the trap} 18. fxe5 $2 Bg5 $19) 18... Nxg4 19. Qf3 Bxe4 20. Qxe4 O-O (20... Nxf2 21. Qxa8+ Qd8 22. Qxa6 $16) 21. Bg3 {aiming for f5.} Nf6 22. Qe2 Qc4 (22... Rfd8 $142 23. Kb1 Qb7) 23. Qxc4 bxc4 24. f5 Ne4 25. fxe6 Nxg3 26. hxg3 c3 27. exf7+ Rxf7 28. bxc3 (28. b4 $15) 28... Bxa3+ 29. Kd2 a5 {[%cal Ba6a5,Ba5a4,Ba4a3][%mdl 32]} 30. Rhf1 a4 31. c4 h5 32. Nb5 Bc5 33. Rxf7 (33. Rh1 $17) 33... Kxf7 {[%mdl 4096] Endgame KRB-KRN} 34. Kc1 a3 35. Kb1 Ra4 36. c3 Rxc4 ({Black should play} 36... g6 $1 $19 37. Rd8 Ke7) 37. Rd7+ Kg8 38. Rc7 g5 {Strongly threatening ...h4.} 39. Ka2 (39. Rc8+ $17 {was necessary.} Kf7 40. Ka2) 39... h4 $19 40. Rc8+ $2 (40. gxh4 {was forced.} gxh4 41. Nxa3 Rxc3 42. Nb5) 40... Kh7 $1 41. Rc7+ Kg6 42. Rc6+ $2 (42. gxh4 gxh4 43. Rc8) 42... Kh5 $1 {Black is clearly winning.} 43. gxh4 gxh4 44. Kb3 {[#]} a2 $1 {[%mdl 512]} 45. Kxa2 {[#]} h3 $1 46. Kb3 h2 47. Kxc4 Be7 ({Not} 47... Bg1 48. Rc8 $11) 48. Rc8 {And now Rh8+ would win.} Bh4 49. Rh8+ {[#]} Kg4 $1 50. Rg8+ Kh3 51. Nd4 h1=Q 52. Rg6 Qf1+ 53. Kd5 Bf6 {Accuracy: White = 39%, Black = 68%.} 0-1

[Event "2nd China Binhai Open 2020"]
[Site "Tianjin"]
[Date "2020.01.18"]
[Round "9.3"]
[White "Peng, Xiongjian"]
[Black "Liu, Yan"]
[Result "1/2-1/2"]
[WhiteElo "2489"]
[BlackElo "2513"]
[Annotator "ChessBase"]
[PlyCount "105"]
[EventDate "2020.01.13"]
[EventType "swiss"]
[EventCountry "CHN"]
[SourceTitle "playchess.com"]
[Source "ChessBase"]
[SourceQuality "1"]
[TimeControl "5400+30"]

1. Nf3 {[%emt 0:00:00]} Nf6 {[%emt 0:00:00]} 2. c4 {[%emt 0:00:00]} b6 {[%emt 0:00:17]} 3. g3 {[%emt 0:00:01]} Bb7 {[%emt 0:00:10]} 4. Bg2 {[%emt 0:00:06]} g6 {[%emt 0:00:33]} 5. d4 {[%emt 0:02:50]} Bg7 {[%emt 0:00:19]} 6. d5 {[%emt 0:00:19]} Ne4 {[%emt 0:02:30]} 7. Nbd2 {[%emt 0:01:38]} Nc5 {[%emt 0:07:35]} 8. Nb3 {[%emt 0:01:28]} Nba6 {[%emt 0:10:18]} 9. O-O {[%emt 0:03:01]} O-O {[%emt 0:00:41]} 10. Be3 {[%emt 0:08:22]} c6 {[%emt 0:12:32]} 11. Bd4 {[%emt 0:00:48]} Bxd4 {[%emt 0:07:39]} 12. Nfxd4 {[%emt 0:00:45]} cxd5 {[%emt 0:00:43]} 13. cxd5 {[%emt 0:00:51]} e5 {[%emt 0:01:01]} 14. Nb5 {[%emt 0:18:02]} Nxb3 {[%emt 0:06:05]} 15. Qxb3 {[%emt 0:01:14]} Nc5 {[%emt 0:00:24]} 16. Qa3 {[%emt 0:03:20]} a5 {[%emt 0:02:45]} 17. d6 {[%emt 0:02:15]} e4 {[%emt 0:00:30]} 18. Rfd1 {[%emt 0:01:45]} Qf6 {[%emt 0:08:50]} 19. Nc7 {[%emt 0:01:51]} Rab8 {[%emt 0:00:40]} 20. Rab1 {[%emt 0:01:33]} Qe5 {[%emt 0:06:26]} 21. b4 {[%emt 0:05:35]} axb4 {[%emt 0:00:04]} 22. Qxb4 {[%emt 0:00:18]} Bc6 {[%emt 0:01:26]} 23. Qd4 {[%emt 0:01:32]} Qxd4 {[%emt 0:01:39]} 24. Rxd4 {[%emt 0:00:04]} Rb7 {[%emt 0:00:51]} 25. Nd5 {[%emt 0:03:07]} Bxd5 {[%emt 0:11:22]} 26. Rxd5 {[%emt 0:00:05]} Rc8 {[%emt 0:00:03]} 27. Re5 {[%emt 0:04:04]} Ra7 {[%emt 0:12:25]} 28. Bxe4 {[%emt 0:01:26]} Nxe4 {[%emt 0:01:55]} 29. Rxe4 {[%emt 0:00:05]} Rc6 {[%emt 0:00:03]} 30. Rd1 {[%emt 0:04:11]} Rxa2 {[%emt 0:00:04]} 31. Re8+ {[%emt 0:00:52]} Kg7 {[%emt 0:00:07]} 32. Re7 {[%emt 0:00:03]} Rcc2 {[%emt 0:02:58]} 33. Kf1 {[%emt 0:00:45]} g5 {[%emt 0:02:35]} 34. Rd3 {[%emt 0:02:43]} Kg6 {[%emt 0:00:07]} 35. g4 {[%emt 0:01:13]} b5 {[%emt 0:00:56]} 36. Rf3 {[%emt 0:04:45]} f6 {[%emt 0:00:05]} 37. Rh3 {[%emt 0:00:06]} h6 {[%emt 0:00:13]} 38. Rhe3 {[%emt 0:00:06]} Ra7 {[%emt 0:01:11]} 39. Re8 {[%emt 0:00:11]} f5 {[%emt 0:00:38]} 40. gxf5+ {[%emt 0:05:07]} Kxf5 {[%emt 0:00:04]} 41. Rf3+ {[%emt 0:00:03]} Kg6 {[%emt 0:00:57]} 42. e4 {[%emt 0:00:09]} b4 {[%emt 0:00:24]} 43. e5 {[%emt 0:00:15]} Kh5 {[%emt 0:00:43]} 44. Rf6 {[%emt 0:04:05]} b3 {[%emt 0:00:15]} 45. Rh8 {[%emt 0:11:12]} g4 {[%emt 0:00:07]} 46. Rhxh6+ {[%emt 0:00:20]} Kg5 {[%emt 0:00:04]} 47. Rhg6+ {[%emt 0:03:52]} Kh5 {[%emt 0:00:01]} 48. Rh6+ {[%emt 0:00:32]} Kg5 {[%emt 0:00:02]} 49. Kg2 {[%emt 0:00:19]} b2 {[%emt 0:00:06]} 50. Rhg6+ {[%emt 0:00:15]} Kh5 {[%emt 0:00:01]} 51. Rh6+ {[%emt 0:00:14]} Kg5 {[%emt 0:00:01]} 52. Rhg6+ {[%emt 0:00:15]} Kh5 {[%emt 0:00:02]} 53. Rh6+ {[%emt 0:00:18]} 1/2-1/2

[Event "2nd China Binhai Open 2020"]
[Site "Tianjin"]
[Date "2020.01.18"]
[Round "9.4"]
[White "Zhang, Ziji"]
[Black "Zhao, Yuanhe"]
[Result "1/2-1/2"]
[WhiteElo "2432"]
[BlackElo "2466"]
[Annotator "TA"]
[PlyCount "70"]
[EventDate "2020.01.13"]
[EventType "swiss"]
[EventCountry "CHN"]
[SourceTitle "playchess.com"]
[Source "ChessBase"]
[SourceQuality "1"]

{[%evp 16,70,48,48,48,41,33,28,38,-11,-12,-9,-2,-4,-12,0,1,0,0,0,0,0,0,0,14,14,14,9,14,0,0,0,2,0,0,0,0,0,0,0,0,0,0,0,0,0,0,0,0,0,0,0,0,0,0,0,0]} 1. d4 Nf6 2. c4 g6 3. Nc3 Bg7 4. e4 d6 5. Nf3 O-O 6. Be2 Bg4 7. Be3 ({Predecessor:} 7. O-O Nfd7 8. Be3 {0-1 (43) Baraeva,I (2197)-Trapeznikova,D (2036) Satka 2014}) 7... Nc6 8. O-O Nd7 9. Qd2 Bxf3 {E91: King's Indian: Classical: 6 Be2, unusual replies including 6...c5 and 6...Bg4} 10. Bxf3 e5 {[%cal Re5d4]} 11. d5 Nd4 {White has an edge.} 12. Bxd4 $146 (12. Bd1 c5 13. dxc6 bxc6 14. Ne2 c5 15. Nc3 Rb8 16. b3 f5 17. f3 {0-1 (59) Mikhaylova,I (2288)-Bivol,A (2374) Moscow 2019}) 12... exd4 {The position is equal.} 13. Ne2 {[#]} d3 $1 {[%mdl 512]} 14. Nc1 (14. Qxd3 Bxb2) 14... Ne5 15. Nxd3 Nxc4 16. Qc2 Ne5 17. Nxe5 Bxe5 18. Rac1 Qf6 {Threatens to win with ...Qf4.} 19. Qe2 c5 20. dxc6 bxc6 21. Rxc6 Bxb2 22. Rb1 Rab8 23. g3 Bc3 24. Rxb8 Rxb8 25. Qc2 Bd4 26. Rc8+ $1 Rxc8 27. Qxc8+ Kg7 28. Kg2 Bc5 {[#] White must now prevent ...Qb2.} 29. Qa6 Qd4 30. Qe2 h5 31. h4 a5 32. Qc2 a4 33. Bd1 a3 34. Qe2 Qb2 35. Kf1 f6 {Accuracy: White = 82%, Black = 66%.} 1/2-1/2

[Event "2nd China Binhai Open 2020"]
[Site "Tianjin"]
[Date "2020.01.18"]
[Round "9.6"]
[White "Liu, Guanchu"]
[Black "Xu, Minghui"]
[Result "1/2-1/2"]
[WhiteElo "2427"]
[BlackElo "2404"]
[Annotator "TA"]
[PlyCount "45"]
[EventDate "2020.01.13"]
[EventType "swiss"]
[EventCountry "CHN"]
[SourceTitle "playchess.com"]
[Source "ChessBase"]
[SourceQuality "1"]

{[%evp 21,45,0,14,-4,0,-3,0,-8,0,-4,0,-14,-12,-14,0,0,0,0,0,0,0,0,0,0,0,0]} 1. e4 e5 2. Nf3 Nc6 3. Nc3 Nf6 4. d4 exd4 5. Nxd4 Bb4 6. Nxc6 bxc6 7. Bd3 d5 8. exd5 cxd5 9. O-O O-O 10. Bg5 c6 11. Qf3 Rb8 {The position is equal.} 12. Ne2 {C47: Scotch Four Knights and Four Knights with 4 g3} (12. Bxf6 {is interesting.} Qxf6 13. Qxf6 gxf6 14. Ne2 Bc5 15. b3) 12... Bg4 13. Bxf6 {[#] aiming for Bxh7+!} Bxf3 14. Bxd8 Bxe2 $1 15. Bxe2 {Strongly threatening Bc7.} Rfxd8 16. Rfd1 Be7 17. b3 Bf6 {[#] And now ...Re8 would win.} 18. Rab1 Bc3 19. Rd3 {[#]} Bf6 $146 ({Predecessor:} 19... d4) 20. Rdd1 Bc3 21. Rd3 Bf6 22. Rdd1 Bc3 23. Rd3 1/2-1/2

[Event "2nd China Binhai Open 2020"]
[Site "Tianjin"]
[Date "2020.01.18"]
[Round "9.7"]
[White "Kaiyrbekov, Rustam"]
[Black "Lin, Yi"]
[Result "1-0"]
[WhiteElo "2329"]
[BlackElo "2416"]
[Annotator "TA"]
[PlyCount "182"]
[EventDate "2020.01.13"]
[EventType "swiss"]
[EventCountry "CHN"]
[SourceTitle "playchess.com"]
[Source "ChessBase"]
[SourceQuality "1"]

{[%evp 16,182,24,21,20,16,27,-8,0,-64,-30,-23,-27,-23,0,8,14,9,12,9,42,10,0,13,0,-57,-60,-45,-12,-22,-20,-62,-60,-97,-30,-110,-102,-106,-103,-104,-102,-102,-15,-60,-52,-39,0,0,0,0,0,0,118,0,50,36,48,0,0,0,0,-91,-106,-209,0,-270,-210,-196,-164,-458,-446,-450,-458,-429,-436,-425,-425,-393,-110,-77,0,0,0,0,0,0,176,151,193,185,427,419,382,367,555,368,368,368,368,368,368,368,368,368,368,368,351,346,3477,2897,1571,1534,984,843,29961,29963,29960,29962,29962,29964,29963,29965,29964,29960,29959,29957,29957,29957,29957,29959,29958,29959,29958,29959,29960,29959,29959,29960,29958,0,29955,29955,29953,29952,29951,29946,29936,1607,1187,862,844,798,693,667,29958,29954,29952,29942,29938,29938,12759,12773,6306,5685,5398,4978,4895,1651,1367]} 1. d4 Nf6 2. Nf3 g6 3. Bg5 Bg7 4. Nbd2 O-O 5. e3 d6 6. Bd3 Nbd7 7. O-O e5 8. c3 Qe8 9. Qc2 h6 {A48: 1 d4 Nf6 2 Nf3 g6: Torre, London and Colle Systems} 10. Bh4 Nh5 11. dxe5 dxe5 {The position is equal.} 12. e4 (12. a4 $11) (12. Bc4 a5 13. Qxg6 Nhf6 14. Qg3 Kh8 15. Bxf6 Bxf6 16. Qh3 Bg7 17. Bd3 {1-0 (75) Laxman,R (2374)-Gopal,G (2565) Abu Dhabi 2016}) 12... Nf4 $146 ({Predecessor:} 12... Nc5 13. Rfd1 f5 14. exf5 gxf5 15. Bc4+ Kh8 16. Re1 e4 17. Nd4 {0-1 (26) Damjanovic,V (1906)-Ivic,V (2342) Belgrade 2017}) 13. Bc4 Nb6 14. Bb3 Bg4 15. h3 Bd7 16. a4 a5 17. Rfe1 Kh8 18. Nc4 Nxc4 19. Bxc4 f5 20. Nd2 (20. Bg3 $11 fxe4 21. Nd2) 20... g5 $15 21. Bg3 Nxg2 (21... Nxh3+ $5 22. gxh3 f4 $14) 22. Kxg2 f4 23. Bh2 Qh5 $1 24. Rg1 Bxh3+ 25. Kh1 Rad8 $1 {[%cal Rd8d2]} 26. Bf1 Bxf1 27. Nxf1 Rd6 28. Re1 Qf3+ {[%mdl 1024] Black has strong compensation.} 29. Rg2 Rfd8 {White must now prevent ...Rd1.} 30. Bg1 $1 Rd3 31. Nh2 Qh5 32. Qb3 Rh3 33. Qe6 (33. Qxb7 $2 f3 $19) 33... f3 (33... Kh7 $11) 34. Rg4 (34. Rg3 $1 $16 {[%cal Rg3h3]} Rh4 35. b3) 34... Rd2 (34... Re8 $5 {[%cal Re8e6]} 35. Qd7 Re7 $11) 35. Rf1 Rxb2 36. Rd1 Kh7 $40 {[%mdl 128] White needs to defend precisely.} 37. Rd8 Rb1 {[%csl Gh5][%cal Rh3h2]} 38. Qf5+ (38. Qg8+ $11 Kg6 39. Qe8+ (39. Qe6+ Kh7 $14) 39... Kf6 40. Qxh5 {[%mdl 64] Overworked Piece} Rxh5 41. Rg3) 38... Qg6 $17 39. Rd7 (39. Rd3 $17) 39... c6 $2 (39... Qxf5 $19 40. exf5 Kg8 41. Rxc7 e4 42. Rxe4 Rg3 43. Re8+ (43. fxg3 $2 {is the wrong capture.} f2 $19 {[%mdl 64] Pin}) 43... Bf8 44. Nxf3 (44. fxg3 $2 {perishes.} f2 $19 {[%mdl 64] Pin}) 44... Rxf3) 40. Rf7 $2 {[%mdl 8192]} (40. Qxe5 $1 $11 b5 41. Qb8) 40... b5 41. axb5 cxb5 42. Rg3 $2 (42. c4 bxc4 43. Ra7) 42... Rxg3 43. fxg3 Qxf5 44. Rxf5 a4 {[%cal Ba5a4,Ba4a3][%mdl 32]} 45. Rxf3 a3 46. Rf2 Ra1 $2 (46... Rc1 $19 {is more deadly.} 47. Nf1 Rxc3) 47. Rf7 {[#] next Ra7 is good for White.} Kg6 (47... Rc1 $1 $17 48. Ra7 Rxc3) 48. Ra7 $11 Bf8 $1 {Hoping for ...Rxg1+!} 49. Ra6+ Kf7 {And now ...Bc5 would win.} 50. Kg2 {Nf3 is the strong threat.} Rc1 $2 {[#]} (50... Re1 $11 {and Black is okay.}) 51. Ng4 $1 $18 Rxc3 52. Nxe5+ Ke7 $2 (52... Kg8) 53. Ng6+ Kf7 {Strongly threatening ...Bg7.} 54. Nxf8 b4 (54... Kxf8 {might work better.} 55. Rxa3 {[%mdl 64] Deflection, Decoy} Rxa3 56. Bc5+ {[%mdl 64] Double Attack} Kf7 57. Bxa3 h5) 55. Nd7 b3 56. Ne5+ Ke7 57. Rxa3 b2 58. Ra7+ ({Much less strong is} 58. Rxc3 b1=Q $18) 58... Ke6 59. Rb7 Kxe5 60. Rxb2 Kxe4 {[%mdl 4096] Endgame KRB-KR} 61. Rb5 g4 $2 (61... Rc1 62. Rb4+ Kf5 63. g4+ Kg6 64. Rb6+ Kh7 65. Rb7+ Kg8) 62. Rb6 Rc2+ 63. Bf2 h5 64. Rh6 Kd3 65. Rxh5 Rc8 66. Rg5 Rc4 67. Rf5 Rc8 68. Rf4 Rg8 69. Ra4 Ke2 70. Bd4 Rg6 71. Ra7 Re6 72. Rg7 Re4 73. Bf2 Ra4 74. Re7+ Kd3 75. Re3+ Kd2 76. Re5 Kd3 77. Rg5 $2 (77. Re8 {mates} Ra6 78. Re3+ Kd2 79. Re4 Rg6 80. Kf1 Kc2 81. Ke2 Rg8 82. Rc4+ Kb3 83. Kd3) 77... Ke2 $2 {[%mdl 8192]} (77... Rc4 $11 78. Rf5 Rc6) 78. Rd5 Ra8 79. Rd4 Rg8 80. Rb4 Rg6 81. Bc5 (81. Rf4 $142 Rg8 82. Re4+ Kd3 83. Re3+ Kc4 84. Kf1 Kd5 85. Rd3+ Ke5 86. Rd4) 81... Rc6 82. Be7 Rg6 83. Bh4 Rg8 84. Bf6 Rf8 85. Re4+ Kd3 86. Rf4 Rg8 87. Kf2 Rg6 88. Rd4+ {White is clearly winning.} Kc3 89. Rd6+ Kc4 90. Ke3 Kc5 91. Ra6 {Intending Bd4+ and mate.} Kd5 {Accuracy: White = 64%, Black = 48%.} 1-0

[Event "2nd China Binhai Open 2020"]
[Site "Tianjin"]
[Date "2020.01.18"]
[Round "9.8"]
[White "Wang, Shixu B"]
[Black "Zhu, Hengyi"]
[Result "1-0"]
[WhiteElo "2469"]
[BlackElo "2238"]
[Annotator "TA"]
[PlyCount "133"]
[EventDate "2020.01.13"]
[EventType "swiss"]
[EventCountry "CHN"]
[SourceTitle "playchess.com"]
[Source "ChessBase"]
[SourceQuality "1"]

{[%evp 23,133,24,6,16,12,19,31,19,51,0,0,0,0,0,0,-22,0,-5,17,17,24,31,17,12,22,0,0,0,0,0,0,0,0,0,0,0,0,0,0,-18,0,0,0,0,0,0,0,0,0,0,0,0,0,0,0,0,0,0,0,0,0,0,0,0,0,0,0,0,0,0,0,0,168,0,0,0,0,0,0,0,8,8,14,14,102,102,102,102,102,102,102,102,102,102,102,102,102,102,256,256,2044,1581,1323,1162,2293,678,4630,4622,3579,1668,4622,1387]} 1. d4 Nf6 2. c4 e6 3. Nc3 Bb4 4. Nf3 c5 5. e3 O-O 6. Bd3 d5 7. cxd5 cxd4 8. exd4 Nxd5 9. O-O Nc6 10. Bd2 Nf6 11. Bg5 Be7 12. a3 b6 13. Qe2 {Strongly threatening Bxf6. D42: Queen's Gambit Declined: Semi-Tarrasch: 5 cxd5 Nxd5 6 e3 Nc6 7 Bd3} (13. Bc2 Bb7 14. Qd3 g6 15. Rfe1 Nd5 16. Bh6 Re8 17. Ne4 Rc8 18. Bb3 Bf8 19. Bxf8 Kxf8 20. Bxd5 exd5 21. Nc3 Rxe1+ 22. Rxe1 Rc7 23. Qd2 Kg7 24. h4 {1-0 (32) Demidov,M (2631)-Morozevich,A (2712) Tallinn 2019}) 13... Bb7 14. Rad1 {[%cal Ba1d1,Bd1d3,Bd3h3][%mdl 32]} Rc8 15. Bb1 $146 {White is slightly better.} ({Predecessor:} 15. Rfe1 Re8 16. Bb5 Nd5 17. Ne4 Bxg5 18. Nfxg5 h6 19. Nf3 Qe7 20. Ne5 Red8 {½-½ (58) Zakharov,A (2385)-Prokopchuk,E (2475) Pardubice 1997}) 15... Na5 16. Ne5 ({Better is} 16. d5 $14 exd5 17. Rfe1) 16... Nd5 $1 $11 {[%cal Rd5c3]} 17. Bd2 Nxc3 18. Bxc3 Bd5 19. Rd3 f5 20. Rh3 Qe8 21. Bd3 Bf6 22. Bb4 Bxe5 $1 23. dxe5 Rf7 $1 24. Qh5 {[%csl Gh3][%cal Rh5h7]} g6 25. Qg5 Nc4 26. Bc3 Qd8 27. Qf4 Rd7 28. Be2 Rcc7 {[%cal Bc8c7,Bc7d7,Bd7d1][%mdl 32]} 29. Rg3 Na5 30. Bb5 Bc6 31. Be2 Bd5 32. Rd1 Bc4 33. Rxd7 Rxd7 34. Bxc4 Nxc4 35. h4 Rd1+ 36. Kh2 Nd2 37. Bxd2 $1 Rxd2 {[%mdl 4096] Endgame KQR-KQR} 38. h5 Rd4 39. Qh6 Qh4+ 40. Rh3 Qf4+ $1 41. Qxf4 Rxf4 {KR-KR} 42. Rc3 Rxf2 43. h6 Rxb2 44. Rc8+ Kf7 45. Rc7+ {[%mdl 64] Double Attack} Kg8 46. Rg7+ Kf8 $1 47. Rxh7 {Rh8+ is the strong threat.} g5 $2 (47... Kg8 $1 $11 48. Rg7+ Kh8) 48. Rxa7 $2 (48. Rg7 $1 $18 {[%cal Rg7g5]} Rc2 49. Rxg5) 48... Kg8 49. Re7 Rb3 50. Rxe6 Kh7 51. Rf6 f4 52. a4 Re3 53. e6 g4 (53... Kh8 $11) 54. Rxf4 $16 Rxe6 55. Rxg4 Kxh6 56. Rb4 Kg6 57. Kg3 Rc6 58. Kf4 Kf6 59. Ke4 {Hoping for Kd5.} Ke6 60. g4 Rd6 $2 (60... Ke7 $16 61. Kf5 Kf7) 61. Rc4 $18 Kf6 $2 (61... Kf7 62. Rd4 Rc6) 62. Rd4 $1 {[%cal Rd4d6] White is clearly winning.} Rc6 {[#]} 63. Kd5 $1 {[%cal Rd5c6]} Rc8 64. Rb4 (64. Rc4 $142 Rg8 65. Kc6) 64... Rc5+ {[#]} 65. Kd6 $1 Ra5 66. Kc6 (66. Kc7 $142 Ke6 67. Kxb6) 66... Ra6 67. Kb7 {Accuracy: White = 74%, Black = 50%.} (67. Rc4 $142 Ra8 68. Kxb6) 1-0